000 00657nam a22002297a 4500
003 UA-OsUOA
001 52442
007 ta
008 20150608b un ||||| |||| 00| 0 ukr d
090 _a09-94(477).08
_bГ70
942 _cBR
040 _aUA-OsUOA
_bukr
_cUA-OsUOA
_dUA-OsUOA
245 _aГородок Ягайлонський
300 _a24 с.
955 _a1
041 _aukr
080 _a09-94(477).08
260 _bВид-во ім. Ольжича
_c1949
650 7 _a0 Загальний відділ.
_2UDC
999 _c432554
_d432554